| 000 | 00545nam a2200193 4500 | ||
|---|---|---|---|
| 001 | 110038 | ||
| 003 | ES-MaACL | ||
| 005 | 20230906184951.0 | ||
| 007 | t| | ||
| 008 | 061121s1958 sp r ||||1| spa d | ||
| 100 | 1 |
_aObregón, Eduardo. _986424 |
|
| 245 | 1 | 4 |
_aLas razones del proletariado / _cEduardo Obregón. |
| 260 |
_aMadrid : _bEuramerica, _c1958. |
||
| 300 |
_a144 p. ; _c18 cm. |
||
| 490 | 1 | _aColección Mundo mejor | |
| 830 | 0 |
_aColección Mundo mejor _9183287 |
|
| 852 |
_aES-MaACL _jC-13951 _bR.41721 |
||
| 999 |
_c110038 _d110038 |
||